LIBRARY & INFORMATION CENTRE, KCAET, TAVANUR

ONLINE PUBLIC ACCESS CATALOGUE (OPAC)

Essays on particles and fields : M G K Menon festschrift / (Record no. 558)

MARC details
000 -LEADER
fixed length control field 00458cam a2200169ua 4500
020 ## - INTERNATIONAL STANDARD BOOK NUMBER
ISBN 81-85324-09-3
041 ## - LANGUAGE CODE
Language code of text/sound track or separate title eng
082 ## - DEWEY DECIMAL CLASSIFICATION NUMBER
Classification number 633
Item number DAN/ES
100 ## - MAIN ENTRY--AUTHOR NAME
Personal name Daniel, R R .
245 00 - TITLE STATEMENT
Title Essays on particles and fields : M G K Menon festschrift /
260 ## - PUBLICATION, DISTRIBUTION, ETC. (IMPRINT)
Place of publication Bangalore :
Name of publisher Indian Academy of Sciences ,
Year of publication 1989.
300 ## - PHYSICAL DESCRIPTION
Number of Pages 307 ; .
700 1# - ADDED ENTRY--PERSONAL NAME
Personal name Sreekantan, B V .
942 ## - ADDED ENTRY ELEMENTS (KOHA)
Koha item type Books
Holdings
Withdrawn status Lost status Damaged status Home library Current library Date acquired Full call number Accession Number Koha item type
      KAUAET KAUAET 07/04/2012 633 20737 Books
free website counter